000 00683nam a22002177a 4500
003 UA-OsUOA
001 57426
007 ta
008 20081223b un ||||| |||| 00| 0 ukr d
100 _aБезкоровайний Є.О.
090 _a330(477)
_bБ-45
942 _cSA
040 _aUA-OsUOA
_bukr
_cUA-OsUOA
_dUA-OsUOA
245 _aМетодичні основи аналізу банківського кредитування фізичних осіб
300 _aС.19-24
955 _a0
041 _aukr
080 _a330(477)
773 0 _w57425
_tЕкономіка. Фінанси. Право.
_dК.
_d2008
_g9
650 7 _a330 Економіка взагалі
_2UDC
999 _c343499
_d343499